000 00512nam a2200205Ia 4500
003 OSt
005 20250829151710.0
008 210210b2009 xxu||||| |||| 00| 0 eng d
020 _a9788175960183
040 _cAL
041 _aeng
082 _a320.55 GANH
100 _aGandhi M K
_9237741
245 _aHind swaraj
_b: and other writings
260 _aNew Delhi
_bCambridge University Press
_c2009
300 _a1xxvii,208
690 _aPolitical Thought
_9237749
906 _a065323
942 _2ddc
_cBK
999 _c142477
_d142477